000 00602nam a22001937a 4500
999 _c165614
_d165614
005 20190625122200.0
010 _aB-125742
020 _c890.00
_a9788184621723
035 _aEN-109274
037 _bDBAD/PUB
082 _a230
100 _aChandrika
245 _aHanuman Chalisa:
_bby Chandrika
_ca Bhakta's quest for the Divine/
260 _aMumbai
_bvakils, Feffer and Simons
_c2019
270 _aindustry manor, 2nd floor, A. Marathe Marg, Prabhadevi,
_bMumbai
_e400025
300 _a430p.
_c24cm(Hb)
_bill.
500 _ainclude bibliography
942 _2ddc
_cEN
_h230
_mCHA